| Tag |
First Indicator |
Second Indicator |
Subfields |
| LEADER |
00000cam a2200000Ii 4500 |
| 001 |
in00002171237 |
| 005 |
20151104055212.0 |
| 008 |
770215s1931 xx b 000 0 fre d |
| 019 |
|
|
|a 17516299
|
| 029 |
1 |
|
|a NLGGC
|b 810289415
|
| 035 |
|
|
|a (OCoLC)ocm02739913
|
| 040 |
|
|
|a TKN
|c TKN
|d OCL
|d EIS
|d OCL
|d OCLCQ
|d UtOrBLW
|
| 049 |
|
|
|a TXAM
|
| 090 |
|
|
|a PQ2198.B18
|b Z72 1931
|
| 092 |
|
|
|a 848.8
|
| 100 |
1 |
|
|a Levaux, Léopold.
|
| 245 |
1 |
0 |
|a Léon Bloy /
|c Léopold Levaux.
|
| 264 |
|
1 |
|a Louvain :
|b Éditions Rex,
|c 1931.
|
| 300 |
|
|
|a 288 pages ;
|c 21 cm.
|
| 336 |
|
|
|a text
|b txt
|2 rdacontent
|
| 337 |
|
|
|a unmediated
|b n
|2 rdamedia
|
| 338 |
|
|
|a volume
|b nc
|2 rdacarrier
|
| 504 |
|
|
|a Bibliographical references in "Notes" (pages 245-278).
|
| 600 |
1 |
0 |
|a Bloy, Léon,
|d 1846-1917.
|
| 948 |
|
|
|a cataloged
|b h
|c 2006/10/27
|d c
|e rdavis
|f 10:07:12 am
|
| 994 |
|
|
|a C0
|b TXA
|
| 999 |
|
|
|a MARS
|
| 999 |
f |
f |
|s 12c0cbff-ca4d-3ebc-bc15-5d101cab6554
|i 4fdca936-8b8f-32c5-9b45-c16fc38b6ebc
|t 0
|
| 952 |
f |
f |
|p ric
|a Texas A&M University
|b Rellis Campus
|c Joint Library Facility
|d Remote Storage
|t 0
|e PQ2198.B18 Z72 1931
|h Library of Congress classification
|i unmediated -- volume
|m A14834928685
|
| 998 |
f |
f |
|a PQ2198.B18 Z72 1931
|t 0
|l Remote Storage
|